000 00262nam a22001217a 4500
008 170222b xxu||||| |||| 00| 0 srb d
041 _asrb
080 _a616.31
100 _a5
101 _aSHS
245 _aTRAUME ZUBA U DJECE
_cSKRINJARIC, I
942 _2udc
_cBK
999 _c6055
_d6055